000 00789nam a22002417a 4500
003 KOHA_MİRAKIL
005 20260428083805.0
008 260427b tu ||||| |||| 00| 0 tur d
020 _a9786057006035
040 _aTR-AnABB
_btur
_cTR-AnABB
041 _atur
082 _a923.409 561
_bMIM 2021
100 1 _aMimaroğlu, Mustafa Reşat
245 1 0 _aGördüklerim ve geçirdiklerim /
_cMustafa Reşat Mimaroğlu ; hazırlayan: Ali Birinci, Yücel Yiğit
250 _a2. baskı
260 _aİstanbul :
_bAl elmas yayıncılık,
_c2021
300 _a288 sayfa ;
_c20 cm
650 0 4 _aBiyografi, Hukukçular
700 1 _aBirinci, Ali,
_ehazırlayan
_93593
700 1 _aYiğit, Yücel,
_ehazırlayan
_93594
900 _bCan ÇELIK
942 _2ddc
_cBK
999 _c10339
_d10339